| 000 | 00697nam a2200229 a 4500 | ||
|---|---|---|---|
| 999 |
_c12621 _d12621 |
||
| 001 | 12621 | ||
| 003 | BD-JhCC | ||
| 005 | 20221017122900.0 | ||
| 008 | 220725s20192021bg |||| |||| 000 0 ban d | ||
| 020 | _a9789849431626 | ||
| 035 | _a(BD-JhCC)12621 | ||
| 040 |
_aBD-JhCC _dBD-JhCC |
||
| 041 | _aban | ||
| 082 |
_a891.443 _bHOS 2021 |
||
| 100 | _aহোসাইন, সাদাত | ||
| 245 |
_aছদ্মবেশ / _cসাদাত হোসাইন |
||
| 260 |
_aঢাকা : _bঅন্যপ্রকাশ, _c২০২২ |
||
| 300 |
_a১৪৪ পৃ. : _c২২ সেমি. |
||
| 650 | _aBengla Novel | ||
| 650 | _aবাংলা উপন্যাস | ||
| 942 |
_2ddc _cBK _01 |
||